Top 15 Best Selling Books - Statistics

General Stats
  • This quiz has been taken 34 times
  • The average score is 6 of 15
Answer Stats
# Author ~ Copies Sold Book % Correct
1. God 5 Billion The Bible
100%
2. Allah 3 Billion The Quran
80%
7. J.R.R Tolkein 150 Million The Lord of the Rings
77%
13. Lewis Carroll 100 Million Alice in Wonderland
60%
4. Miguel Cervantes 500 Million Don Quixote
57%
15. C.S Lewis 85 Million The Lion, The Witch, and the Wardrobe
43%
10. Antoine de Saint-Exupéry 140 Million The Little Prince
40%
6. Charles Dickens 200 Million A Tale of Two Cities
37%
9. Joseph Smith 150 Million The Book of Mormon
37%
3. Mao Zedong 900 Million The Little Red Book
37%
11. J.K Rowling 120 Million Harry Potter and the Sorcerer’s Stone
20%
8. Robert Baden-Powell 150 Million Scouting for Boys
17%
5. Mao Zedong 450 Million Selected Articles of Chairman Mao
3%
14. Cao Xuepin 100 Million Dream of the Red Chamber
0%
12. Watch Tower Bible and Tract Society 107 Million The Truth that Leads to Eternal Life
0%
No matching quizzes found
Score Distribution
Percent of People with Each Score
Percentile by Number Answered
Your Score History
You have not taken this quiz